000 00552 a2200205 4500
005 20260216154418.0
008 260216b |||||||| |||| 00| 0 eng d
020 _a9788195135806
_cRs. 1750.00
040 _aMAIN
082 _a347.01
_bG959M
100 _aGupta, Shipra, ed.
245 _aMedia Trial : Threat to administration of justice
260 _bRadhika Books
_c2025
_aNew Delhi
300 _axxiv, 328
650 _aJustice
650 _aFreedom of the Press
650 _aPress and Law
700 _aKrishan Kumar, ed.
942 _cBK
999 _c396372
_d396372